Personnages de Tower of God de A à Z en images - Statistiques

Statistiques générales
  • Ce quiz a été pris 4 fois
  • Le résultat moyen est 19 sur 25
Statistiques - réponses
Par images Hint Réponse % Correct
B Bam
100%
E Enryu
100%
Po Bidau (G) Gustang
100%
Ha (J) Jinsung
100%
Khun (M) Mascheni
100%
R Rachel
100%
Lo Po Bia (T) Traumerei
100%
U Urek Mazino
100%
V V
100%
Ha (Y) Yuri
100%
Z Zahard
100%
A Amez
75%
H Hansung Yu
75%
K Kallavan
75%
Grace Mirchea (L) Luslec
75%
P Prince
75%
W Wangnan
75%
X Xiaxia
75%
C Charlie
50%
D Dravy
50%
Q Quaetro
50%
S Soo-oh
50%
Ponsecal (I) Irure
25%
N Nanatona
25%
Lo Po Bia (O) Orari
25%
Aucun quiz correspondant
Distribution des résultats
% des personnes avec chaque résultat
Percentile par nombre de réponses
Votre historique - résultats
Vous n’avez pas pris ce quiz